Responses for Show #6959 - Thursday, December 11, 2014

Contestants

[<< previous game]

Ryan Pensyl, an Army officer originally from Shamokin, Pennsylvania

Jennifer Gilmore, a yoga teacher and fitness instructor from Menifee, California

Peter McGillicuddy, a human resources director from Holliston, Massachusetts (whose 2-day cash winnings total $18,799)

[next game >>]

Jeopardy! Round responses

IT'S U.N. ANIMUS
STOCK SYMBOLS
THERE WILL BE "BLOOD"
4 LEGS FOR YOU
TV: WHO PLAYED 'EM?
OH, THE HUMANITIES!
    $200 7
Khrushchev

Peter
    $200 26
Facebook

Jennifer
    $200 6
a blood vessel

Ryan
    $200 16
a hyena

Peter
    $200 1
Edie Falco

Ryan
    $200 12
Freud

Peter
    $400 8
Gaddafi

Ryan
    $1,000 27
(Jennifer: Who is... Baldwin?)

Ludwig van Beethoven

Jennifer
    $400 21
blood alcohol level

Peter
    $400 17
a jaguar

Peter
    $400 2
Jim Garner

Jennifer
    $400 13
Neil Patrick Harris

Peter
    $600 9
Ahmadinejad

Peter
    $600 28
[The end-of-round signal sounds.]

Build-a-Bear

Ryan
    $600 22
your blood pressure

Triple Stumper
    $600 18
a beaver

Jennifer
    $600 3
Kristen Bell

Ryan
    $600 14
(Peter: Who is Louis Leakey?)

Margaret Mead

Peter
Triple Stumper
    $800 10
sulfur

Ryan
    $800 23
the bloodline

Jennifer
    $800 19
a shrew

Triple Stumper
    $800 4
David Hasselhoff

Ryan
    $800 15
Stoicism

Jennifer
    $1000 11
(Jennifer: What is Panama?)

Nicaragua

PeterJennifer
    $1000 24
(Alex: I had a beautiful ring of it once--[*].)

bloodstone

Triple Stumper
    $1000 20
a yak

Ryan
    $1000 5
David McCallum

Jennifer
    $1000 25
(Peter: Who is Dvorák?)
...
(Alex: With less than a minute to go now, Jennifer.)

Bedrich Smetana

Peter
Triple Stumper

Scores at the first commercial break (after clue 15):

Peter Jennifer Ryan
$1,800 $1,200 $3,000

Scores at the end of the Jeopardy! Round:

Peter Jennifer Ryan
$1,800 $1,800 $4,600

Double Jeopardy! Round responses

TURN, TURN, TURN
OH, HI, OHIO!
TO LIFE
FRENCH LIT
NAME THAT SONG
MIDDLE "K"
(Alex: The letter "K" will come up in the middle of each correct response--the exact center.)
    $400 18
a pulley

Jennifer
    $400 8
Toledo

Jennifer
    $400 20
G.E.

Ryan
    $400 16
(Ryan: Who are The Three Musketeers?)
...
(Alex: We were going for the author of The Three Musketeers, [*].)

Alexandre Dumas, père

Ryan
Triple Stumper
    $400 1
[Peter selected the first clue.]

"Mickey"

Jennifer
    $400 2
a speakeasy

Ryan
    $800 19
a cylinder

Ryan
    $800 12
Miami University

Peter
    $800 21
Fiddler on the Roof

Ryan
    $800 17
Around the World in Eighty Days

Jennifer
    $800 3
"Amanda"

Ryan
    $800 7
a token

Ryan
    $1200 22
the flywheel

Triple Stumper
    $2,000 13
Columbus

Peter
    $1200 23
van Gogh

Peter
    $1200 28
George Sand

Triple Stumper
    $1200 4
"Maybellene"

Ryan
    $1200 9
sky

Peter
    $1600 26
(Alex: Less than a minute to go now, Jennifer.)

turbine

Triple Stumper
    $1600 14
B.F. Goodrich

Ryan
    $1600 24
Riley

Jennifer
    $1600 29
the Marquis de Sade

Ryan
    $1600 5
"Ben"

Jennifer
    $1600 10
cloakroom

Triple Stumper
    $2000 27
a prime mover

Triple Stumper
    $2000 15
Cincinnati

Peter
    $2000 25
Yann Martel

Triple Stumper
    $2000 30
terribles

Jennifer
    $1,800 6
"Peggy Sue"

Jennifer
    $2000 11
The Naked Ape

Ryan

Scores at the end of the Double Jeopardy! Round:

Peter Jennifer Ryan
$9,000 $10,800 $14,600

[wagering suggestions for these scores]

Final Jeopardy! Round responses

THE BIBLE
(Alex: It was not Pharaoh Ramses. And I assume you're thinking of Ramses the Great. But it was [*].)
PeterWho is Pharoah Ramses?
$9,000
JenniferWho is King David
$4,000
RyanWho was Joseph
$7,001
the Pharaoh in Egypt

Final scores:

Peter Jennifer Ryan
$0 $6,800 $7,599
3rd place: $1,000 2nd place: $2,000 New champion: $7,599

Game dynamics:

Coryat scores:

Peter Jennifer Ryan
$8,200 $12,000 $14,600
13 R
(including 1 DD),
2 W
14 R
(including 1 DD),
2 W
(including 1 DD)
18 R,
1 W

Combined Coryat: $34,800

[game clues] [game scores] [suggest correction]

Game tape date: 2014-10-27
The J! Archive is created by fans, for fans. Scraping, republication, monetization, and malicious use prohibited; this site may use cookies and collect identifying information. See terms. The Jeopardy! game show and all elements thereof, including but not limited to copyright and trademark thereto, are the property of Jeopardy Productions, Inc. and are protected under law. This website is not affiliated with, sponsored by, or operated by Jeopardy Productions, Inc. Join the discussion at JBoard.tv.